Pasce a nádeje slovenského vysokého školstva

Poslanie a očakávania od vysokých škôl. Uchádzači o štúdium a študenti vysokých škôl. Učitelia vysokých škôl. Perspektívy vysokých škôl.

Guardado en:
Detalles Bibliográficos
Autor principal: Slávik, Štefan, 1955-
Formato: Capítulo de libro
Lenguaje:eslovaco
Materias:
Etiquetas: Agregar Etiqueta
Sin Etiquetas, Sea el primero en etiquetar este registro!

MARC

LEADER 00000naa a2200000 4500
001 0134232
005 20240502072515.8
041 0 |a slo 
044 |a SK 
245 1 0 |a Pasce a nádeje slovenského vysokého školstva  |c Štefan Slávik 
520 |a Poslanie a očakávania od vysokých škôl. Uchádzači o štúdium a študenti vysokých škôl. Učitelia vysokých škôl. Perspektívy vysokých škôl. 
610 2 0 |a vzdelávanie vysokoškolské 
610 2 0 |a školy vysoké 
610 2 0 |a študenti 
610 2 0 |a učitelia 
610 2 0 |a prognózy 
610 2 0 |a kvalita vzdelávania 
100 1 |a Slávik, Štefan, 1955-